[Event "ICS rated blitz match"]
[Site "204.178.125.65"]
[Date "2001.09.07"]
[Round "?"]
[White "tincho"]
[Black "Hossa"]
[Result "0-1"]
[WhiteElo "2072"]
[BlackElo "2484"]
[PlyCount "76"]
[EventDate "2001.??.??"]

1. e4 c5 2. Nf3 d6 3. d4 cxd4 4. Nxd4 Nf6 5. Nc3 a6 6. f3 e6 7. Be3 b5 8. Qd2
Be7 9. g4 h5 10. g5 Nh7 11. h4 b4 12. Nce2 e5 13. Nb3 Be6 14. O-O-O a5 15. Kb1
a4 16. Nbc1 b3 17. cxb3 axb3 18. a3 Qd7 19. f4 Qb7 20. f5 Qxe4+ 21. Ka1 Qxh1
22. fxe6 fxe6 23. Nxb3 O-O 24. Qe1 Qb7 25. Nbc1 d5 26. Bh3 Bxa3 27. bxa3 Rxa3+
28. Na2 Rxe3 29. Bxe6+ Kh8 30. Qd2 d4 31. Bc4 Ra3 32. Ng3 Rxg3 33. Bd3 Rg2 34.
Qc1 Rxa2+ 35. Kxa2 Nd7 36. Qa3 Ra8 37. Qa7 Rxa7+ 38. Ba6 Rxa6# {
tincho checkmated} 0-1

[Event "ICS rated blitz match"]
[Site "204.178.125.65"]
[Date "2001.09.07"]
[Round "?"]
[White "Hossa"]
[Black "NewHal9000"]
[Result "0-1"]
[WhiteElo "2487"]
[BlackElo "2829"]
[PlyCount "109"]
[EventDate "2001.??.??"]

1. e4 c5 2. Nf3 Nc6 3. Bb5 g6 4. O-O Bg7 5. Bxc6 bxc6 6. d3 d6 7. Nc3 Rb8 8.
Kh1 Nh6 9. e5 O-O 10. Ne4 Bg4 11. exd6 exd6 12. Re1 Nf5 13. c3 Qa5 14. h3 Bxf3
15. Qxf3 d5 16. Ng3 Nd4 17. Qd1 Nb3 18. Rb1 Nxc1 19. Qxc1 Qa6 20. b3 Qxa2 21.
Re2 Qa6 22. Qc2 Qa5 23. Rc1 Qa3 24. Rb1 a5 25. Re3 a4 26. bxa4 Rxb1+ 27. Qxb1
Bxc3 28. Qc2 Bd4 29. Re1 Ra8 30. Ne2 Bxf2 31. Rf1 Be3 32. Qc3 Qxc3 33. Nxc3 Bd2
34. Nb1 Bb4 35. g4 Rxa4 36. Kg2 Ra2+ 37. Rf2 Rxf2+ 38. Kxf2 f5 39. gxf5 gxf5
40. Ke3 Kf7 41. h4 Kf6 42. Ke2 Ke6 43. Nd2 Bxd2 44. Kxd2 f4 45. Ke2 c4 46. Kd2
f3 47. dxc4 dxc4 48. Ke3 c3 49. Kxf3 c2 50. Ke2 c1=Q 51. Kf3 Qc4 52. h5 Kf5 53.
Ke3 Qc3+ 54. Kf2 Kf4 55. h6 {Hossa resigns} 0-1

[Event "ICS rated blitz match"]
[Site "204.178.125.65"]
[Date "2001.09.08"]
[Round "?"]
[White "Hossa"]
[Black "Orbita"]
[Result "1-0"]
[WhiteElo "2483"]
[BlackElo "2308"]
[PlyCount "124"]
[EventDate "2001.??.??"]

1. e4 c5 2. Nf3 Nc6 3. d4 cxd4 4. c3 Nf6 5. e5 Nd5 6. cxd4 d6 7. Bc4 Be6 8. Ng5
Qa5+ 9. Bd2 Qb6 10. exd6 Qxb2 11. Nxe6 fxe6 12. Bxd5 exd5 13. Nc3 O-O-O 14.
dxe7 Bxe7 15. Rb1 Qa3 16. O-O h5 17. Rb3 Qa6 18. Be3 Qc4 19. Nb5 b6 20. Qf3 Kb7
21. Qg3 Rd7 22. Qxg7 Rhd8 23. Rc1 Bb4 24. Rxc4 dxc4 25. Qg6 cxb3 26. axb3 a6
27. Bg5 Be7 28. Nc3 Bxg5 29. Qxg5 Nxd4 30. h4 Rc8 31. Ne4 Nxb3 32. Qxh5 Nd4 33.
g4 Rf8 34. Kf1 Nf3 35. Kg2 Ne1+ 36. Kh3 Nd3 37. Kg3 Nf4 38. Qh6 Ne2+ 39. Kg2
Nf4+ 40. Kh2 Rdd8 41. Nf6 Nd3 42. Qh7+ Kc6 43. Qe4+ Kc5 44. g5 b5 45. Qe7+ Kc4
46. g6 Nxf2 47. g7 Rh8 48. Qe2+ Nd3 49. Qe4+ Kc3 50. Nd5+ Kd2 51. gxh8=R Rxh8
52. Qd4 Rc8 53. Qe3+ Kc2 54. Qe2+ Kc1 55. Qxd3 Kb2 56. Qd4+ Kb3 57. Qb4+ Kc2
58. Qg4 Rd8 59. Qg6+ Kd1 60. Nc3+ Kc1 61. Qb1+ Kd2 62. Qd1+ Kxc3 {
Orbita resigns} 1-0

[Event "ICS rated blitz match"]
[Site "204.178.125.65"]
[Date "2001.09.08"]
[Round "?"]
[White "Orbita"]
[Black "Hossa"]
[Result "0-1"]
[WhiteElo "2299"]
[BlackElo "2492"]
[PlyCount "132"]
[EventDate "2001.??.??"]

1. e4 c5 2. c3 e6 3. d4 d5 4. exd5 exd5 5. Nf3 Nc6 6. Bb5 Bd6 7. O-O cxd4 8.
Nxd4 Nge7 9. Bg5 f6 10. Be3 O-O 11. Nb3 Qc7 12. f4 Bf5 13. Bd3 Be4 14. Bxe4
dxe4 15. c4 Bb4 16. Qc2 f5 17. a3 Ba5 18. Nc3 Bxc3 19. Qxc3 Rad8 20. Nc5 Rd6
21. Rad1 Rfd8 22. Rxd6 Rxd6 23. Qb3 Na5 24. Qb5 Nec6 25. Rc1 Qf7 26. b3 Rh6 27.
Na4 a6 28. Qb6 Qh5 29. h3 Qe2 30. Nc3 Qd3 31. Kf2 Re6 32. Qc7 Re8 33. Qb6 Kh8
34. a4 Rf8 35. g3 Kg8 36. h4 Re8 37. h5 Rf8 38. Nd5 Rf7 39. Nc3 h6 40. Nd5 Kh7
41. Nc3 Kh8 42. Nd5 Kg8 43. Nc3 Rf8 44. Nd5 Kh8 45. Rc3 Qd1 46. Bc5 Rf7 47. Kg2
Rd7 48. Bf2 Qxh5 49. Qc5 Qf7 50. Be1 Qg8 51. Re3 Qd8 52. g4 fxg4 53. Rxe4 Kh7
54. Re3 Rd6 55. Kg1 Kh8 56. Bh4 b6 57. Qxa5 Qxh4 58. Qxb6 g3 59. Re2 Re6 60.
Ne3 Qxf4 61. Ng2 Qc1+ 62. Re1 Rxe1+ 63. Nxe1 Qxe1+ 64. Kg2 h5 65. Qxc6 Qf2+ 66.
Kh3 Qh2# {Orbita checkmated} 0-1

[Event "ICS rated blitz match"]
[Site "204.178.125.65"]
[Date "2001.09.08"]
[Round "?"]
[White "stuartm"]
[Black "Hossa"]
[Result "0-1"]
[WhiteElo "2223"]
[BlackElo "2500"]
[PlyCount "50"]
[EventDate "2001.??.??"]

1. d4 c5 2. c3 e6 3. Nf3 cxd4 4. cxd4 d5 5. Nc3 Nf6 6. Bf4 Ne4 7. Rc1 Nc6 8.
Qd3 Nxc3 9. bxc3 Na5 10. e4 Ba3 11. Rb1 Bd6 12. e5 Be7 13. Be2 g5 14. Bc1 h5
15. h4 gxh4 16. Bf4 Bd7 17. Kf1 Rc8 18. Qe3 Rg8 19. g3 hxg3 20. fxg3 Nc4 21.
Qf2 Qa5 22. Rxh5 Qxa2 23. Rxb7 Bc6 24. Rxe7+ Kxe7 25. Rh7 Qb1+ {stuartm resigns
} 0-1

[Event "ICS rated blitz match"]
[Site "204.178.125.65"]
[Date "2001.09.08"]
[Round "?"]
[White "Hossa"]
[Black "SHABBA"]
[Result "1-0"]
[WhiteElo "2505"]
[BlackElo "2036"]
[PlyCount "103"]
[EventDate "2001.??.??"]

1. e4 d6 2. Nc3 Nf6 3. Nf3 g6 4. Bc4 Bg7 5. O-O O-O 6. d3 Bg4 7. Bg5 e5 8. Nd5
Nbd7 9. Qe2 c6 10. Ne3 Be6 11. Bxe6 fxe6 12. Ng4 c5 13. Nh6+ Kh8 14. Bd2 Qe8
15. h4 Nh5 16. Bg5 Nf4 17. Qe3 Nf6 18. Nh2 N6h5 19. N2g4 Nf6 20. Nxf6 Bxf6 21.
Bxf6+ Rxf6 22. g3 Nh5 23. Ng4 Rf8 24. Qh6 Qf7 25. Rac1 Qg7 26. Qg5 Nf6 27. Nh6
Nh5 28. c3 Qf6 29. b4 Qxg5 30. hxg5 b6 31. bxc5 dxc5 32. Ng4 Rad8 33. Nxe5 Ng7
34. f4 Ne8 35. Kf2 Nc7 36. Rh1 Kg7 37. Rh6 Rh8 38. g4 Rdf8 39. Kf3 Ne8 40. Rch1
Nd6 41. Nd7 Rd8 42. Nf6 Nf7 43. Rxh7+ Rxh7 44. Rxh7+ Kf8 45. Ke3 Ke7 46. f5
exf5 47. gxf5 Kf8 48. fxg6 Nxg5 49. g7+ Ke7 50. g8=Q+ Kxf6 51. Qg7+ Ke6 52.
Qe7# {SHABBA checkmated} 1-0

[Event "ICS rated blitz match"]
[Site "204.178.125.65"]
[Date "2001.09.08"]
[Round "?"]
[White "QuarkX"]
[Black "Hossa"]
[Result "0-1"]
[WhiteElo "2669"]
[BlackElo "2507"]
[PlyCount "176"]
[EventDate "2001.??.??"]

1. e4 c5 2. Nf3 d6 3. d4 cxd4 4. Nxd4 Nf6 5. Nc3 a6 6. Be2 e5 7. Nb3 Be7 8. O-O
O-O 9. Bg5 Be6 10. f4 Nbd7 11. f5 Bxb3 12. cxb3 b5 13. Qd3 b4 14. Na4 Ne8 15.
Bd2 a5 16. a3 Rb8 17. Be3 Bg5 18. Rad1 Rc8 19. Rf3 Bxe3+ 20. Qxe3 Rc2 21. Bc4
bxa3 22. bxa3 Qa8 23. Qd3 Qa7+ 24. Kf1 Ra2 25. Nc3 Rb2 26. Nb5 Qb6 27. Qc3 Ra2
28. b4 axb4 29. Qxb4 Rc2 30. Qb3 Rxc4 31. Qxc4 Ndf6 32. a4 Ng4 33. Ke2 Nxh2 34.
Rg3 h5 35. Rgd3 Ng4 36. Rf1 Qb8 37. Qc6 Nef6 38. Nxd6 Qb2+ 39. Rd2 Qb3 40. Rf3
Qb1 41. Qc2 Qg1 42. Qd1 Qb6 43. Qb3 Qa7 44. g3 Nh2 45. Rf2 Nfg4 46. Rg2 Rb8 47.
Nb5 Qb7 48. Qd3 Qa6 49. Qd6 Qa8 50. Nc3 Rc8 51. Qd5 Qa7 52. Rd3 Qb6 53. Qb5 Qc7
54. Ke1 Qa7 55. Qb3 Qa6 56. Nb5 Rc1+ 57. Kd2 Qh6+ 58. Ke2 Qc6 59. Rd8+ Kh7 60.
Kd3 Nf3 61. Re2 Qb6 62. Rd5 Nf2+ 63. Rxf2 Qxf2 64. Qc3 Qf1+ 65. Ke3 Ng1 66. Qb2
Re1+ 67. Kd2 Qf2+ 68. Kc3 Re3+ 69. Rd3 Rxd3+ 70. Kxd3 Qxb2 71. Nc3 Qg2 72. a5
Qxg3+ 73. Kc2 Qe3 74. f6 Ne2 75. Nxe2 Qxe2+ 76. Kc3 h4 77. fxg7 Kxg7 78. a6
Qe3+ 79. Kc4 h3 80. Kd5 Qd4+ 81. Kc6 Qxe4+ 82. Kc7 Qc4+ 83. Kb8 Qb4+ 84. Kc8 h2
85. Kd7 Qb5+ 86. Kd6 h1=Q 87. a7 Qbc6+ 88. Ke7 Qh4# {QuarkX checkmated} 0-1

[Event "ICS rated standard match"]
[Site "204.178.125.65"]
[Date "2001.09.08"]
[Round "?"]
[White "QuarkX"]
[Black "Hossa"]
[Result "1-0"]
[WhiteElo "2412"]
[BlackElo "2250"]
[PlyCount "119"]
[EventDate "2001.??.??"]

1. c4 g6 2. d4 Nf6 3. Nc3 Bg7 4. e4 d6 5. Nf3 O-O 6. Be2 e5 7. O-O Nc6 8. d5
Ne7 9. b4 Bd7 10. Qd3 a5 11. b5 Ng4 12. h3 Nf6 13. Be3 Nh5 14. c5 dxc5 15. Bxc5
Nf4 16. Qd2 Nxe2+ 17. Qxe2 Re8 18. a4 f5 19. Ra2 fxe4 20. Ng5 Nf5 21. Ngxe4 Nd4
22. Qc4 Rc8 23. f3 Bf5 24. g4 Bd7 25. Bxd4 exd4 26. Ne2 d3 27. Qxd3 Qh4 28. Kg2
Rcd8 29. Qb3 b6 30. Rc2 Be5 31. f4 Bd6 32. Qd3 Rf8 33. Nxd6 cxd6 34. Ng3 Rb8
35. Ne4 Qe7 36. Re2 Bc8 37. Ng5 Qc7 38. Ne6 Bxe6 39. dxe6 Qb7+ 40. Kg1 Qc7 41.
f5 Qc5+ 42. Kg2 Rf6 43. fxg6 Rxf1 44. gxh7+ Kg7 45. Kxf1 Re8 46. Kg2 Qg5 47.
Qxd6 Qd8 48. Qe5+ Kxh7 49. Qh5+ Kg7 50. Rf2 Re7 51. Qg5+ Kh8 52. Rf5 Qa8+ 53.
Kg1 Rg7 54. Qh4+ Rh7 55. Qf6+ Rg7 56. Rg5 Qg8 57. e7 Qf7 58. Qh6+ Rh7 59. Qf8+
Qxf8 60. exf8=Q# {Hossa checkmated} 1-0

[Event "ICS rated standard match"]
[Site "204.178.125.65"]
[Date "2001.09.08"]
[Round "?"]
[White "Hossa"]
[Black "QuarkX"]
[Result "0-1"]
[WhiteElo "2241"]
[BlackElo "2421"]
[PlyCount "79"]
[EventDate "2001.??.??"]

1. e4 c5 2. Nf3 Nc6 3. d4 cxd4 4. Nxd4 Qc7 5. c4 Nf6 6. Nb5 Qb8 7. Bd3 e6 8.
O-O a6 9. N5c3 Bd6 10. Kh1 O-O 11. f4 Be7 12. e5 Ne8 13. Qh5 f5 14. Rf3 d6 15.
Rh3 h6 16. exd6 Bxd6 17. Qf3 Nf6 18. Qf1 Ng4 19. Nd1 e5 20. fxe5 Bxe5 21. g3
Nb4 22. a3 b6 23. Be2 Nc2 24. Ra2 f4 25. gxf4 Bb7+ 26. Bf3 Bxf4 27. c5 Bxf3+
28. Qxf3 Bxh2 29. Qb3+ Kh8 30. Qc4 Qe5 31. Bd2 b5 32. Bc3 Qg5 33. Qd3 Nge3 34.
Rxh2 Qd5+ 35. Kg1 Qxd3 36. Rxh6+ Kg8 37. Rh8+ Kxh8 38. Nxe3 Qxe3+ 39. Kh2 Rf2+
40. Kg1 {Hossa resigns} 0-1

[Event "ICS rated blitz match"]
[Site "204.178.125.65"]
[Date "2001.09.08"]
[Round "?"]
[White "Hossa"]
[Black "QuarkX"]
[Result "0-1"]
[WhiteElo "2530"]
[BlackElo "2646"]
[PlyCount "103"]
[EventDate "2001.??.??"]

1. e4 c5 2. Nf3 Nc6 3. d4 cxd4 4. c3 dxc3 5. Nxc3 e6 6. Bc4 a6 7. O-O Nge7 8.
Bf4 Ng6 9. Bd6 Bxd6 10. Qxd6 Qe7 11. Rfd1 Qxd6 12. Rxd6 Ke7 13. Rad1 b5 14. Bf1
Rd8 15. a4 b4 16. Na2 a5 17. Nc1 Ba6 18. Bxa6 Rxa6 19. Nb3 Ra7 20. R6d2 Nge5
21. Nfd4 g5 22. Nb5 Raa8 23. Nc5 h5 24. Nb7 Rg8 25. Nc5 Rad8 26. Nb7 Rb8 27.
Nc5 Rgd8 28. f3 h4 29. Nd6 h3 30. Na6 Rb6 31. Nc5 Rh8 32. b3 Rbb8 33. Nb5 Rbd8
34. Nb7 Rc8 35. N7d6 Rb8 36. Kf2 hxg2 37. Kxg2 Rh4 38. Rf1 Rbh8 39. Kh1 f6 40.
Kg1 Rh3 41. Rdf2 g4 42. fxg4 Nxg4 43. Rb2 Nxh2 44. Rfb1 Ne5 45. Kg2 Nhg4 46.
Nc4 Nd3 47. Rg1 Nxb2 48. Nxa5 Rh2+ 49. Kf3 Ne5+ 50. Ke3 R8h3+ 51. Kd4 Rc2 52.
Rg7+ {Hossa resigns} 0-1

[Event "ICS rated blitz match"]
[Site "204.178.125.65"]
[Date "2001.09.08"]
[Round "?"]
[White "QuarkX"]
[Black "Hossa"]
[Result "0-1"]
[WhiteElo "2657"]
[BlackElo "2519"]
[PlyCount "154"]
[EventDate "2001.??.??"]

1. Nf3 e6 2. g3 b6 3. Bg2 Bb7 4. O-O Nf6 5. c4 Be7 6. Nc3 O-O 7. Re1 d5 8. cxd5
exd5 9. d4 Na6 10. Bf4 Qc8 11. Ne5 c5 12. dxc5 Bxc5 13. e3 Bb4 14. Rc1 Qe6 15.
Nd3 Bxc3 16. Rxc3 Ne4 17. Rc2 Rac8 18. Rxc8 Rxc8 19. Qh5 Rc2 20. f3 Nac5 21.
Nxc5 Nxc5 22. Bh3 Qe7 23. Rb1 Nd3 24. Bf5 g6 25. Bxd3 gxh5 26. Bxc2 d4 27. e4
h4 28. Bd3 hxg3 29. hxg3 Qb4 30. Kf2 Bc6 31. g4 Bb5 32. Bxb5 Qxb5 33. b3 Qa5
34. Rb2 Kg7 35. Rd2 Qc3 36. Ke2 Kf6 37. Rd3 Qa5 38. Rd2 Qb5+ 39. Rd3 Qc5 40.
Rd2 Kg6 41. Bg3 Qb5+ 42. Rd3 Qa5 43. a4 Qc5 44. Kd2 Qg5+ 45. Kd1 h5 46. gxh5+
Qxh5 47. Bf2 b5 48. axb5 f5 49. e5 Qh1+ 50. Ke2 Qh2 51. f4 Qxf4 52. Bxd4 Qh2+
53. Kd1 f4 54. Bxa7 Qh5+ 55. Kd2 Qxe5 56. b6 Qb2+ 57. Ke1 Kf5 58. Rd2 Qxb3 59.
Rd8 f3 60. b7 Qxb7 61. Be3 Qe7 62. Rd3 Qh4+ 63. Bf2 Qb4+ 64. Rd2 Qb1+ 65. Rd1
Qe4+ 66. Kd2 Qe2+ 67. Kc1 Qxf2 68. Rd7 Qe3+ 69. Kc2 f2 70. Rg7 Qe4+ 71. Kb3
Qb1+ 72. Ka4 Qa1+ 73. Kb4 Qxg7 74. Kb3 Qg4 75. Kb2 Qc4 76. Kb1 Qe2 77. Kc1
f1=Q# {QuarkX checkmated} 0-1

[Event "ICS rated blitz match"]
[Site "204.178.125.65"]
[Date "2001.09.08"]
[Round "?"]
[White "Hossa"]
[Black "QuarkX"]
[Result "0-1"]
[WhiteElo "2541"]
[BlackElo "2635"]
[PlyCount "129"]
[EventDate "2001.??.??"]

1. e4 e5 2. Nf3 Nc6 3. Nc3 Nf6 4. d4 exd4 5. Nxd4 Bb4 6. Nxc6 bxc6 7. Bd3 d5 8.
exd5 cxd5 9. Qe2+ Be7 10. Bb5+ Bd7 11. Bxd7+ Qxd7 12. O-O O-O 13. Bg5 Rfe8 14.
Qf3 c6 15. Rfe1 h6 16. Bh4 a5 17. Na4 Ne4 18. Nb6 Qb7 19. Bxe7 Qxb6 20. Ba3 Nd2
21. Qc3 Nc4 22. Qh3 Qd4 23. Qd7 Red8 24. Qe7 Nxb2 25. Rab1 Nc4 26. Bc5 Qc3 27.
Qe2 Nd2 28. Rbd1 Re8 29. Be3 Nc4 30. Qd3 Qe5 31. Rb1 Rab8 32. Rb3 a4 33. Rxb8
Qxb8 34. Qc3 Nxe3 35. fxe3 Qb6 36. Kf2 Re4 37. Qa1 Qc5 38. Re2 a3 39. Kf3 Qc4
40. c3 Qd3 41. Qe1 Rc4 42. h3 Qf5+ 43. Kg3 Qe5+ 44. Kf2 Rxc3 45. Kf1 f6 46. g4
c5 47. Qd2 c4 48. Qd1 Rd3 49. Qe1 c3 50. Kg2 Qe4+ 51. Kf2 d4 52. exd4 Qxd4+ 53.
Kg2 Qd5+ 54. Kh2 Rd1 55. Qxc3 Rh1+ 56. Kg3 Rg1+ 57. Kf2 Qg2+ 58. Ke3 Qxh3+ 59.
Kd2 Rd1+ 60. Kxd1 Qxc3 61. Rd2 Qc4 62. g5 fxg5 63. Rc2 Qf1+ 64. Kd2 g4 65. Ke3
{Hossa resigns} 0-1

[Event "ICS rated blitz match"]
[Site "204.178.125.65"]
[Date "2001.09.08"]
[Round "?"]
[White "Hossa"]
[Black "zhaoweidan74"]
[Result "1-0"]
[WhiteElo "2535"]
[BlackElo "2311"]
[PlyCount "71"]
[EventDate "2001.??.??"]

1. e4 c5 2. Nf3 Nc6 3. Bb5 g6 4. O-O Bg7 5. Re1 Nf6 6. e5 Nd5 7. Nc3 Nc7 8.
Bxc6 bxc6 9. d3 O-O 10. Ne4 Ne6 11. Be3 Qb6 12. Rb1 Rd8 13. Nxc5 Nxc5 14. b4
Qa6 15. Bxc5 Qxa2 16. Ra1 Qe6 17. Nd4 Qd5 18. c4 Qxe5 19. Rxe5 Bxe5 20. Rxa7
Rxa7 21. Bxa7 d6 22. Nxc6 Rd7 23. Qa4 Bf6 24. Bb6 Rb7 25. Qa8 Rxb6 26. Qxc8+
Kg7 27. b5 e6 28. Qc7 Rxc6 29. bxc6 Be5 30. Qb8 Kf6 31. c7 d5 32. Qd8+ Kf5 33.
c8=Q dxc4 34. g4+ Kxg4 35. Qxc4+ Kf5 36. Qe4# {zhaoweidan74 checkmated} 1-0

[Event "ICS rated blitz match"]
[Site "204.178.125.65"]
[Date "2001.09.08"]
[Round "?"]
[White "zhaoweidan74"]
[Black "Hossa"]
[Result "0-1"]
[WhiteElo "2304"]
[BlackElo "2542"]
[PlyCount "42"]
[EventDate "2001.??.??"]

1. e4 c5 2. Nf3 d6 3. Bc4 Nf6 4. d3 e6 5. O-O Be7 6. c3 d5 7. exd5 exd5 8. Bb3
O-O 9. Re1 Re8 10. Nbd2 Nc6 11. h3 Bf5 12. Nf1 Qd7 13. Ng3 Bd6 14. Nxf5 Rxe1+
15. Qxe1 Qxf5 16. Bc2 Re8 17. Qd2 Ne5 18. Nh4 Qh5 19. Qg5 Nxd3 20. Bxd3 Re1+
21. Bf1 Rxf1+ {zhaoweidan74 resigns} 0-1

[Event "ICS rated blitz match"]
[Site "204.178.125.65"]
[Date "2001.09.08"]
[Round "?"]
[White "Hossa"]
[Black "monsoon"]
[Result "1-0"]
[WhiteElo "2548"]
[BlackElo "2516"]
[PlyCount "139"]
[EventDate "2001.??.??"]

1. e4 c5 2. Nf3 d6 3. d4 cxd4 4. Qxd4 Nc6 5. Qd3 Bd7 6. Be2 e6 7. O-O Nf6 8.
Rd1 Be7 9. Bf4 d5 10. exd5 Nxd5 11. Bg3 O-O 12. c4 Nf6 13. Nc3 Qb6 14. Qc2 Rad8
15. a3 a5 16. Na4 Qa7 17. Bc7 Rc8 18. Bb6 Qa6 19. Be3 Rcd8 20. Nb6 Be8 21. Bd3
Kh8 22. b4 axb4 23. axb4 Nxb4 24. Qb1 Qxa1 25. Qxa1 Nxd3 26. Qb1 Bc6 27. Rxd3
Be4 28. Ne5 Rxd3 29. Nxd3 Rd8 30. Nd5 exd5 31. Qxb7 dxc4 32. Qxe7 Rxd3 33. f3
Rxe3 34. Qf8+ Ng8 35. Kf2 Rc3 36. fxe4 Rc2+ 37. Kf3 Rc3+ 38. Kf4 Rc2 39. Kg3
Rc3+ 40. Kg4 Rc2 41. Kh3 f6 42. Kg3 Rc3+ 43. Kg4 g6 44. h4 Rc2 45. Kf3 Rc3+ 46.
Kf4 Rc2 47. Qc8 Rf2+ 48. Kg3 Rc2 49. Qc7 Nh6 50. Kf3 Kg8 51. Qb8+ Kg7 52. e5
Nf7 53. e6 Ne5+ 54. Ke3 Rc3+ 55. Ke4 Rd3 56. e7 Nd7 57. Qc8 Rd1 58. Kf4 g5+ 59.
Kg3 Rd3+ 60. Kh2 Re3 61. Qxd7 Kg6 62. e8=Q+ Rxe8 63. Qxe8+ Kg7 64. Qe7+ Kg6 65.
Qe4+ Kg7 66. h5 Kg8 67. Qe8+ Kg7 68. Qe7+ Kh6 69. g4 f5 70. Qf8# {
monsoon checkmated} 1-0

[Event "ICS rated blitz match"]
[Site "204.178.125.65"]
[Date "2001.09.08"]
[Round "?"]
[White "monsoon"]
[Black "Hossa"]
[Result "1/2-1/2"]
[WhiteElo "2501"]
[BlackElo "2563"]
[PlyCount "182"]
[EventDate "2001.??.??"]

1. e4 c5 2. Nf3 d6 3. d4 cxd4 4. Nxd4 Nf6 5. Nc3 a6 6. Bg5 e6 7. f4 Qb6 8. Qd2
Qxb2 9. Rb1 Qa3 10. f5 b5 11. Be2 b4 12. Rb3 bxc3 13. Rxc3 Nxe4 14. Rxa3 Nxd2
15. Bxd2 e5 16. Nb5 Kd7 17. f6 Bb7 18. fxg7 Bxg7 19. O-O axb5 20. Rxa8 Bxa8 21.
Rxf7+ Ke6 22. Rxg7 Bc6 23. Rg3 Nd7 24. Bg4+ Kf7 25. Bb4 d5 26. Rf3+ Nf6 27. Bd6
e4 28. Rf4 Kg7 29. Be5 Rf8 30. Kf2 b4 31. Ke3 h6 32. Be6 h5 33. Kd4 Kg6 34.
Bf5+ Kg7 35. Kc5 Ba4 36. Rf2 Kh6 37. Kxb4 Bd7 38. Bxe4 dxe4 39. Rxf6+ Rxf6 40.
Bxf6 e3 41. c4 Kg6 42. Bd4 e2 43. Bf2 Bc6 44. g3 Kf5 45. Kc3 Kg4 46. Kd2 Kf3
47. Bd4 Bd7 48. a3 Bg4 49. Ke1 Kg2 50. Bf2 Kxh2 51. a4 Be6 52. Kxe2 Bxc4+ 53.
Kf3 Ba6 54. Bc5 Kh3 55. Be7 Bb7+ 56. Kf4 Ba6 57. Kf3 Bb7+ 58. Kf2 Kg4 59. Bh4
Bd5 60. a5 Bb7 61. Ke3 Kf5 62. Kd4 Ke6 63. Kc5 Kd7 64. Kb6 Kc8 65. Bf6 Bf3 66.
Ka7 Kc7 67. a6 Be2 68. Bc3 Kc6 69. Bd2 Kb5 70. Bg5 Bg4 71. Be3 Bc8 72. Bd4 Bxa6
73. Be5 Bc8 74. g4 h4 75. g5 Kc6 76. g6 Be6 77. Bh2 h3 78. g7 Bg8 79. Bg3 Kd5
80. Kb6 Ke4 81. Kc5 Kf3 82. Bc7 Kg2 83. Bb8 Kf3 84. Bd6 Bb3 85. Bh2 Be6 86. Kd6
Bb3 87. Ke7 Bc4 88. Kf8 Kg2 89. Be5 h2 90. Bxh2 Bd5 91. g8=Q+ Bxg8 {
Game drawn because neither player has mating material} 1/2-1/2

[Event "ICS rated blitz match"]
[Site "204.178.125.65"]
[Date "2001.09.08"]
[Round "?"]
[White "Hossa"]
[Black "Amateur"]
[Result "1-0"]
[WhiteElo "2560"]
[BlackElo "2500"]
[PlyCount "207"]
[EventDate "2001.??.??"]

1. e4 e5 2. Nf3 Nc6 3. Nc3 Nf6 4. g3 Bb4 5. Bg2 O-O 6. O-O d6 7. d3 Bg4 8. Be3
Bxc3 9. bxc3 b6 10. Qd2 Qc8 11. Ne1 Qe6 12. f4 exf4 13. Bxf4 Ne5 14. a3 Rae8
15. Qf2 Nh5 16. Bxe5 Qxe5 17. d4 Qa5 18. Qd2 Nf6 19. Rf4 Qg5 20. Qd3 Qg6 21.
Rb1 c6 22. a4 h6 23. Ra1 Re7 24. Nf3 Nh5 25. Nh4 Qg5 26. Rf2 Nf6 27. Raf1 Qa5
28. Qc4 d5 29. Qb3 Ree8 30. e5 Nh7 31. c4 Ng5 32. cxd5 cxd5 33. Kh1 Be6 34. Nf5
Ne4 35. Bxe4 dxe4 36. Qe3 Qxa4 37. Nd6 Re7 38. Qxe4 Rc7 39. Rd1 Bh3 40. g4 Qc6
41. d5 Qd7 42. Nf5 Rfc8 43. Rf3 Rc3 44. d6 Kh8 45. Ne3 Rxe3 46. Rxe3 Bxg4 47.
Rf1 Be6 48. Ra3 Qb5 49. Rd1 Bd7 50. Kg1 Qc5+ 51. Qe3 Qxc2 52. Re1 Rc4 53. Qf2
Rg4+ 54. Rg3 Qxf2+ 55. Kxf2 Rh4 56. Kg2 a5 57. Rc3 Rg4+ 58. Kf3 Rd4 59. Rc7
Bg4+ 60. Kf2 Be6 61. Rb7 a4 62. Rxb6 a3 63. Ke3 Rh4 64. Re2 Rh3+ 65. Kd4 Rh4+
66. Kc3 Rh3+ 67. Kb4 Rb3+ 68. Kc5 Rc3+ 69. Kd4 Rc4+ 70. Ke3 Rc3+ 71. Kf4 a2 72.
Ra6 g5+ 73. Ke4 Rc4+ 74. Kd3 Rc5 75. Kd4 Rc4+ 76. Ke3 Rc5 77. Kf2 Kg7 78. Rexa2
Rb5 79. Rd2 Rxe5 80. d7 Bxd7 81. Rxd7 Rc5 82. Re6 h5 83. Ree7 Rc2+ 84. Re2 Rc4
85. Ke3 Ra4 86. Rf2 Ra3+ 87. Kd4 Ra4+ 88. Kc3 Rf4 89. Rxf4 gxf4 90. Kd4 Kf6 91.
Rd6+ Kg5 92. Ke5 f3 93. Rf6 Kg4 94. Rf4+ Kh3 95. Rxf3+ Kxh2 96. Ke4 h4 97. Kf4
h3 98. Rg3 f6 99. Kg4 f5+ 100. Kf4 Kh1 101. Kf3 f4 102. Rxh3+ Kg1 103. Rh5 Kf1
104. Rh1# {Amateur checkmated} 1-0

[Event "ICS rated blitz match"]
[Site "204.178.125.65"]
[Date "2001.09.08"]
[Round "?"]
[White "Amateur"]
[Black "Hossa"]
[Result "1/2-1/2"]
[WhiteElo "2487"]
[BlackElo "2573"]
[PlyCount "52"]
[EventDate "2001.??.??"]

1. e4 c5 2. Nf3 d6 3. d4 cxd4 4. Nxd4 Nf6 5. Nc3 a6 6. Bc4 e6 7. Bb3 b5 8. O-O
Be7 9. Qf3 Qc7 10. Qg3 O-O 11. Bh6 Ne8 12. Rad1 Bd7 13. Nce2 Nc6 14. Rd3 Ne5
15. Rc3 Qd8 16. Bf4 b4 17. Re3 Nf6 18. Bxe5 dxe5 19. Nf3 Bb5 20. c4 bxc3 21.
Rd1 cxb2 22. Rxd8 b1=Q+ 23. Rd1 Qb2 24. Rd2 Qb1+ 25. Rd1 Qb2 26. Rd2 Qb1+ {
Game drawn by mutual agreement} 1/2-1/2

[Event "ICS rated blitz match"]
[Site "204.178.125.65"]
[Date "2001.09.08"]
[Round "?"]
[White "Hossa"]
[Black "Amateur"]
[Result "0-1"]
[WhiteElo "2569"]
[BlackElo "2491"]
[PlyCount "152"]
[EventDate "2001.??.??"]

1. e4 c5 2. Nf3 Nc6 3. Bb5 Nf6 4. Nc3 Nd4 5. Ba4 g6 6. d3 Bg7 7. Nxd4 cxd4 8.
Nb5 Nh5 9. g4 a6 10. Nxd4 Bxd4 11. c3 Bxf2+ 12. Kxf2 Ng7 13. Rf1 h5 14. Ke1
hxg4 15. Qxg4 Rh5 16. Be3 Ne6 17. Qg2 Qc7 18. Qf2 Rh7 19. h4 Qa5 20. Bb3 Qb5
21. d4 d6 22. c4 Qa5+ 23. Bd2 Qh5 24. Rh1 g5 25. Bd1 Qg6 26. Bc2 Rxh4 27. Rxh4
gxh4 28. Be3 Qg4 29. b4 Bd7 30. c5 dxc5 31. bxc5 Ng5 32. Bxg5 Qxg5 33. Rd1 h3
34. Rb1 Qh5 35. Kd2 O-O-O 36. Kc3 h2 37. Rh1 Rh8 38. Bb3 Bc6 39. Bc2 Bb5 40.
Bd1 Qh3+ 41. Kb2 f5 42. Bc2 Bc4 43. d5 fxe4 44. Bxe4 Bd3 45. Bxd3 Qxd3 46. Rxh2
Rxh2 47. Qxh2 Qxd5 48. Qf2 Kd7 49. Qc2 Qd4+ 50. Kb3 Kc6 51. Qh7 e5 52. Qh6+
Kxc5 53. Qf8+ Kb6 54. Qg7 Qd5+ 55. Kb2 e4 56. Qc3 Kb5 57. Qe3 a5 58. Qc3 Ka6
59. Qc8 e3 60. Qa8+ Kb6 61. Qc8 e2 62. Qc3 Qc5 63. Qf6+ Ka7 64. Qh4 Qg1 65. a3
e1=Q 66. Qxe1 Qxe1 67. Kc2 Qa1 68. Kd3 Qxa3+ 69. Kc2 Kb6 70. Kd2 a4 71. Kc2 Kc5
72. Kd2 Qf3 73. Ke1 a3 74. Kd2 a2 75. Kc2 a1=Q 76. Kd2 Qad1# {Hossa checkmated}
0-1

[Event "ICS rated blitz match"]
[Site "204.178.125.65"]
[Date "2001.09.08"]
[Round "?"]
[White "Tinker"]
[Black "Hossa"]
[Result "0-1"]
[WhiteElo "2284"]
[BlackElo "2549"]
[PlyCount "144"]
[EventDate "2001.??.??"]

1. e4 c5 2. Nf3 d6 3. d4 cxd4 4. Nxd4 Nf6 5. Nc3 a6 6. Be2 e5 7. Nb3 Be7 8. O-O
O-O 9. Be3 b6 10. Bc4 Be6 11. Bxe6 fxe6 12. Qe2 d5 13. Bd2 Nc6 14. f3 Bc5+ 15.
Nxc5 bxc5 16. Bg5 Nd4 17. Qd2 Qd6 18. Kh1 Rab8 19. Rab1 Rf7 20. Rfe1 Rfb7 21.
Nd1 Nd7 22. c3 Nb5 23. Rc1 Nc7 24. Qf2 Ne8 25. c4 d4 26. b3 Nf8 27. Qg3 Ng6 28.
Nf2 Nf6 29. Qh3 Rf7 30. Rcd1 Rd8 31. Nd3 a5 32. Qg3 Ra7 33. Bc1 Rb7 34. Kg1 Rc7
35. Qg5 Rcc8 36. f4 Nd7 37. Rf1 Qc6 38. fxe5 a4 39. Rde1 axb3 40. axb3 Rb8 41.
Bd2 Rf8 42. Rxf8+ Ndxf8 43. Nc1 Nd7 44. Qg3 Kh8 45. Kh1 Qc8 46. Bf4 Qc7 47. Bd2
Ndxe5 48. Rf1 Qb7 49. Qe1 Ra8 50. Kg1 Qe7 51. Qg3 Kg8 52. Bg5 Qb7 53. Qh3 Re8
54. Re1 Qc6 55. Qg3 Rf8 56. Re2 Ra8 57. Re1 Ra3 58. h4 h5 59. Bd2 Ng4 60. Qb8+
Kh7 61. Bg5 N6e5 62. Be7 d3 63. Bg5 Qd7 64. Qd8 d2 65. Rd1 Qxd8 66. Bxd8 dxc1=B
67. Rxc1 Rxb3 68. Be7 Nd3 69. Ra1 Rc3 70. g3 Rxc4 71. Bf8 Rxe4 72. Ra5 Re1+ {
Tinker resigns} 0-1